000 00549nam a2200181Ia 4500
005 20250508154212.0
008 008 250505s9999 xx 000 0 eng d
037 _aTextual
040 _aFEDL
_beng
_cFEDL
041 _aeng
_2eng
084 _a370.71506, NCE
_qFEDL
245 0 _aAnnual report of extension services centres
260 _aNew Delhi, India
_bNational Council of Educational Research and Training
_c1961
300 _a77p.
650 _aEducation
942 _cTEXL
_h370.71506, NCE
999 _c1348513
_d1348513